000 00438nam a2200157 i 4500
001 30209
003 ES-MaACL
005 20230906154145.0
007 t|
008 030124s1973 sp ||||1| por d
100 1 _aBarral Andrade, Ramón.
_925840
245 1 2 _aO aforro e a inversión na Galicia /
_cRamón Barral Andrade.
260 _aSantiago :
_bSEPT,
_c[1973]
300 _a108 p. ;
_c18 cm.
852 _aES-MaACL
_jC-53133
_bR.84908
999 _c30209
_d30209